|
|
|
|
| LEADER |
02054nam a2200385 a 4500 |
| 001 |
00180343 |
| 003 |
GR-PaULI |
| 008 |
130523s2012 gr a b 001 0 gre d |
| 020 |
|
|
|a 9789604892631
|
| 040 |
|
|
|a GrPaTEI
|b gre
|c GR-PaULI
|
| 082 |
|
0 |
|a 616.910 1
|2 22
|q GR-LaTEI
|q GrThTEI
|
| 082 |
0 |
4 |
|a 616.9101078
|b ΚΡΙ
|2 22
|q GrThTEI
|
| 100 |
1 |
|
|a Κρικέλης, Βασίλειος Χ.
|
| 245 |
1 |
0 |
|a Εργαστηριακό εγχειρίδιο ιολογίας /
|c Βασίλειος Κρικέλης ; συνεργάτες Ηλίας Πλακοκέφαλος, Ευαγγελία Γραμουστιάνου, Αλέξανδρος Βόντας.
|
| 260 |
|
|
|a Αθήνα :
|b Πασχαλίδης,
|c c2012
|
| 300 |
|
|
|a 181 σ. :
|b εικ. (ορισμένες έγχρ.) ;
|c 24 εκ.
|
| 440 |
|
0 |
|a Ιατρική βιβλιοθήκη (Πασχαλίδης)
|
| 500 |
|
|
|a Περιλαμβάνει ευρετήριο
|5 GrThTEI
|
| 504 |
|
|
|a Βιβλιογραφία: σ. 175-176
|9 GrThTEI
|
| 504 |
|
|
|a Περιλαμβάνει βιβλιογραφικές παραπομπές (σ. [176]) και ευρετήριο
|9 GrThTEI
|9 GR-KoDPT
|
| 650 |
|
0 |
|a VIROLOGY
|9 GR-LaTEI
|
| 650 |
|
0 |
|a Virology
|v Laboratory manuals
|
| 650 |
|
0 |
|a Virology
|x Examinations, questions, etc.
|
| 650 |
|
4 |
|a ΙΟΛΟΓΙΑ
|9 GR-LaTEI
|
| 650 |
|
7 |
|a Ιολογία
|v Εργαστηριακά εγχειρίδια
|2 nlgaf
|
| 700 |
1 |
|
|a Βόντας, Αλέξανδρος
|
| 700 |
1 |
|
|a Γραμουστιάνου, Ευαγγελία
|
| 700 |
1 |
|
|a Πλακοκέφαλος, Ηλίας
|
| 710 |
|
|
|a Πασχαλίδης
|
| 830 |
|
|
|1 Ιατρική Βιβλιοθήκη / Π. Χ. Πασχαλίδης
|1 GR-LaTEI 31212
|9 GR-LaTEI
|9 GrThTEI
|
| 939 |
|
9 |
|y 201305231025
|z zigouri
|
| 942 |
|
|
|2 ddc
|
| 952 |
|
|
|0 0
|1 0
|2 ddc
|4 0
|6 616_910100000000000_ΚΡΙ
|7 1
|9 255621
|a LISK
|b LISK
|c BSC
|d 2021-01-17
|e 24
|f 0
|g 0.00
|l 0
|o 616.9101 ΚΡΙ
|p 99241000060537
|r 2021-01-17 00:00:00
|t 1
|w 2021-01-17
|y BKN
|x Purchase/Donation Number
|x General Note
|x GrPaTEI
|
| 971 |
|
|
|a .b23300760
|b 08-10-20
|c 15-09-15
|
| 999 |
|
|
|c 149958
|d 149958
|